Catálogo

Rumor en la nostalgia antigua. (Registro nro. 63599)

Detalles MARC
000 -LEADER
fixed length control field 00637nam a2200241 u 4500
001 - CONTROL NUMBER
control field 63599
003 - CONTROL NUMBER IDENTIFIER
control field Mx-PuUPA
005 - DATE AND TIME OF LATEST TRANSACTION
control field 20190704154510.0
008 - FIXED-LENGTH DATA ELEMENTS--GENERAL INFORMATION
fixed length control field 150925s1990 mx r 000 0 spa d
020 ## - INTERNATIONAL STANDARD BOOK NUMBER
International Standard Book Number 968-23-1672-3
040 ## - CATALOGING SOURCE
Transcribing agency Mx-PuUPA
082 ## - DEWEY DECIMAL CLASSIFICATION NUMBER
Classification number 860
Item number COR
100 1# - MAIN ENTRY--PERSONAL NAME
Personal name Corza, Mannuel
Relator term autor
245 10 - TITLE STATEMENT
Title Rumor en la nostalgia antigua.
250 ## - EDITION STATEMENT
Edition statement Primera edición
264 ## - PRODUCTION, PUBLICATION, DISTRIBUTION, MANUFACTURE, AND COPYRIGHT NOTICE
Place of production, publication, distribution, manufacture México :
Name of producer, publisher, distributor, manufacturer Siglo Veintiuno,
Date of production, publication, distribution, manufacture, or copyright notice 1990
300 ## - PHYSICAL DESCRIPTION
Extent 159 páginas ;
Dimensions 21 cm.
336 ## - CONTENT TYPE
Content type term texto
Source rdacontent
337 ## - MEDIA TYPE
Media type term sin mediación
Source rdamedia
338 ## - CARRIER TYPE
Carrier type term volumen
Source rdacarrier
490 1# - SERIES STATEMENT
Series statement La creación literaria
942 ## - ADDED ENTRY ELEMENTS (KOHA)
Source of classification or shelving scheme Dewey Decimal Classification
Koha item type Libro
Existencias
Withdrawn status Lost status Source of classification or shelving scheme Damaged status Not for loan Collection code Home library Current library Shelving location Date acquired Source of acquisition Total Checkouts Full call number Barcode Date last seen Price effective from Koha item type
    Dewey Decimal Classification     General Tehuacán Tehuacán Sala general 25/09/2015 Compra   860 COR 1990 509979 08/01/2025 25/09/2015 Libro